Les plus grandes villes du Massif Central - Statistiques

Statistiques générales
  • Ce quiz a été pris 522 fois
  • Le résultat moyen est 9 sur 21
Statistiques - réponses
Population (2015) Ville % Correct
141,500 Clermont-Ferrand
99%
172,000 Saint-Etienne
79%
26,600 Aurillac
72%
18,600 Le Puy-en-Velay
69%
135,100 Limoges
63%
25,300 Vichy
61%
46,800 Brive-la-Gaillarde
55%
23,700 Rodez
54%
37,800 Montluçon
49%
35,500 Roanne
49%
18,700 Riom
43%
22,200 Millau
40%
19,600 Cahors
34%
40,700 Alès
25%
15,700 Montbrison
21%
35,300 Saint-Chamond
21%
41,600 Castres
19%
16,100 Annonay
18%
19,300 Cournon-d'Auvergne
18%
17,100 Firminy
16%
17,700 Chamalières
13%
Aucun quiz correspondant
Distribution des résultats
% des personnes avec chaque résultat
Percentile par nombre de réponses
Votre historique - résultats
Vous n’avez pas pris ce quiz